000
003080000a22001450004500
003
MACL
040
_a
MACL
090
_c
33613
_d
33611
100
_a
Antony, M J
245
_a
Your Right To Compensation
260
_b
Hind Pocket Books
_c
1996
350
_a
75
650
_a
Insurance
942
_c
BOOK
_k
368/ANT
999
_c
33262
_d
33262